00463nam a22001577a 4500020001800000041001200018082001500030100003300045245002300078260004200101300000700143650002000150942000700170952011100177999001700288 a81-237-2248-6 aEnglish a394.26 NAT aNational Book Trust of India aFestivals of India aNew DelhibNational Book Trust c1982 a92 aFestivals-India cBK 00104070aHMIbHMIcGENd2018-05-03eDirectorg60.00l0o394.26 NATp11-3641r2018-05-03w2018-05-03yBK c20965d20965